000 00243nam a2200097Ia 4500
001 1206888
005 20251016144932.0
008 250824s9999 xx 000 0 und d
245 0 _aPENCEREDEN
_cGÜRAY SÜNGÜ
260 _bMETAMORFOZ YAYINLARI
999 _c1206888
_d1206888